Normal view
MARC view
- المخرجون السينمائيون - الولايات المتحدة الأمريكية - تراجم - فرانك كابرا
Entry Topical Term
001 - CONTROL NUMBER
- control field: 11133
003 - CONTROL NUMBER IDENTIFIER
- control field: JO-AjAnu
005 - DATE AND TIME OF LATEST TRANSACTION
- control field: 20230606072104.0
008 - FIXED-LENGTH DATA ELEMENTS
- fixed length control field: 230606|| aca||aabn | a|a d
040 ## - CATALOGING SOURCE
- Original cataloging agency: JO-AjAnu
- Transcribing agency: JO-AjAnu
150 ## - HEADING--TOPICAL TERM
- Topical term or geographic name entry element: المخرجون السينمائيون - الولايات المتحدة الأمريكية - تراجم - فرانك كابرا
670 ## - SOURCE DATA FOUND
- Source citation: Work cat.: (JO-AjAnu)5733: كابرا، فرانك؛ ترجمة عبد الإله الملاح, author 11132, الاسم فوق العنوان: سيرة ذاتية